Loading...
| History - American History | 1 | 2 | 0 | 0 | 35 | 67 | 73.33 | 1 | 3 |
| History - World History | 0 | 3 | 1 | 1 | 25 | 76 | 80.33 | 2 | 3 |
| 1 | 1 | 0 | 0 | 25 | 71 | 89.50 | 2 | 2 | |
| Literature - British Literature | 1 | 1 | 0 | 1 | 25 | 69 | 109.00 | 1 | 2 |
| Beliefs | 0 | 2 | 0 | 1 | 20 | 73 | 111.50 | 0 | 2 |
| Social Science | 0 | 1 | 0 | 1 | 10 | 138 | 138.00 | 0 | 1 |
| Current Events | 0 | 1 | 0 | 0 | 10 | 73 | 73.00 | 0 | 1 |
| Literature - American Literature | 0 | 1 | 1 | 0 | 5 | 73 | 73.00 | 1 | 1 |
| History - European History | 0 | 1 | 1 | 0 | 5 | 91 | 91.00 | 1 | 1 |
| Other Academic | 0 | 0 | 1 | 0 | -5 | 0.00 | 0 | 0 | |
| Other Science: Computer Science | 0 | 0 | 1 | 0 | -5 | 0.00 | 0 | 0 |